| 000 | 00596nam a2200169 a 4500 | ||
|---|---|---|---|
| 001 | 000028783 | ||
| 005 | 20200930055132.0 | ||
| 008 | 110412s1992 dr 000 0 spa d | ||
| 040 |
_aDO-SdBNP _bspa _cBNPHU |
||
| 082 |
_axxx _bC3978a |
||
| 110 | 2 |
_aCentro Nacional de Investigaciones en Salud Materno Infantil _955757 |
|
| 245 | 1 | 0 |
_aSituación de la salud en la República Dominicana / _ceditor Hugo R. Mendoza. |
| 260 |
_aSanto Domingo : _bCENISMI, _c1992. |
||
| 490 | 1 |
_aPublicaciones técnicas ; _vv. 2 |
|
| 700 | 1 |
_aMendoza, Hugo R. _eed. _96390 |
|
| 830 | 0 |
_aPublicaciones técnicas _vv. 2 _955758 |
|
| 999 |
_c28275 _d28275 |
||